[Event "11. Villa de Coria del Rio"]
[Site "Coria del Río ESP"]
[Date "2005.02.18"]
[Round "9"]
[White "Suarez Pozo, Juan Carlos"]
[Black "Fernandez Lumbreras, Miguel A"]
[Result "0-1"]
[WhiteElo "1842"]
[BlackElo "1794"]
[PlyCount "60"]
[EventDate "2005.02.07"]
[EventType "swiss"]
[EventRounds "9"]
[EventCountry "ESP"]
[Source "lmi"]
[SourceDate "2005.02.18"]

1. e4 c5 2. c3 d5 3. exd5 Qxd5 4. d4 Nc6 5. Nf3 Bg4 6. Be2 e6 7. O-O cxd4 8.
cxd4 Bb4 9. Nc3 Bxc3 10. bxc3 Nge7 11. Ng5 Bxe2 12. Qxe2 O-O 13. Qd3 Qf5 14.
Qg3 Rac8 15. Re1 Qg6 16. Qh3 Qf5 17. g4 Qg6 18. Nf3 h5 19. g5 Nf5 20. Kh1 Rfd8
21. Bf4 b5 22. Ne5 Nxe5 23. Bxe5 Rc4 24. Rac1 Rdc8 25. f4 b4 26. Re2 bxc3 27.
Rec2 Ne7 28. Rxc3 Qe4+ 29. Kg1 Rxc3 30. Rxc3 Qe1+ 0-1